[Event "ISR-chT"]
[Site "Israel"]
[Date "1999.03.26"]
[Round "5"]
[White "Kanstler, Boris"]
[Black "Psakhis, Lev"]
[Result "1-0"]
[WhiteElo "2539"]
[BlackElo "2564"]

1.Nf3 Nf6 2.c4 b6 3.d4 e6 4.g3 Ba6 5.b3 Bb4+ 6.Bd2 Be7 7.Bg2 Bb7 8.Nc3 Na6
9.O-O O-O 10.d5 exd5 11.Nd4 c6 12.cxd5 Nxd5 13.Nxd5 cxd5 14.Nf5 Re8 15.Bf4 Bf8
16.Bxd5 Bxd5 17.Qxd5 Qf6 18.Ne3 Nc5 19.Qf3 Ne6 20.Nd5 Qg6 21.Rfd1 Rac8 22.h4 h5
23.Rd2 Qf5 24.Rad1 Nc5 25.Ne3 Qg6 26.Rd5 Ne4 27.Rxd7 a5 28.Nc4 Bc5 29.Ne5 Qf5
30.e3 Nf6 31.Rxf7 Red8 32.Rb7  1-0

[Event "ISR-ch op"]
[Site "Tel Aviv"]
[Date "1999.04.02"]
[Round "4"]
[White "Golod, Vitali"]
[Black "Psakhis, Lev"]
[Result "1-0"]
[WhiteElo "2554"]
[BlackElo "2564"]

1.d4 Nf6 2.c4 e6 3.Nc3 Bb4 4.Qc2 d5 5.cxd5 Qxd5 6.Nf3 Qf5 7.Qxf5 exf5 8.Bf4 c6
9.a3 Be7 10.e3 Nbd7 11.Nd2 Nb6 12.Nb3 Nfd5 13.Nxd5 Nxd5 14.Be5 f6 15.Bg3 b6
16.Rc1 Bb7 17.Bd3 g6 18.O-O Rd8 19.Rfe1 Bd6 20.Bh4 O-O 21.f3 Kg7 22.e4 fxe4
23.fxe4 Nf4 24.Bf1 g5 25.Bf2 Ng6 26.g3 h5 27.Bg2 Rfe8 28.Nd2 h4 29.e5 fxe5
30.Bxc6 Bxc6 31.Rxc6 Ne7 32.Rc2 Nf5 33.Nc4 hxg3 34.hxg3 e4 35.Kg2 Bb8 36.Rce2 e3
37.Nxe3 Kg6 38.Nxf5 Rxe2 39.Ne7+ Rxe7 40.Rxe7 g4 41.Rb7 Kf5 42.Kf1 Re8 43.b4 Ke4
44.Rg7 Kf5 45.b5 Rc8 46.Rb7 Ke4 47.a4 Rg8 48.Ke2 Kd5 49.Kd3 Rf8 50.Be3 Bxg3
51.Rg7 Bf4 52.Bxf4 Rxf4 53.Rd7+ Ke6 54.Rxa7 g3 55.Rg7 Rf3+ 56.Kc4 Ra3 57.Kb4 Rd3
58.a5 Rxd4+ 59.Kc3 Rh4 60.axb6 Kd6 61.b7 Rh8 62.Kb4 g2 63.Ka5 g1=Q 64.Rxg1 Kc7
65.Ka6 Kb8 66.Rc1 Rh6+ 67.Rc6  1-0

[Event "ISR-ch op"]
[Site "Ramat Aviv"]
[Date "1999.04.04"]
[Round "5"]
[White "Psakhis, Lev"]
[Black "Krays, Alexander"]
[Result "1-0"]
[WhiteElo "2564"]
[BlackElo "2375"]

1.e4 Nf6 2.e5 Nd5 3.d4 d6 4.c4 Nb6 5.exd6 exd6 6.Nc3 Be7 7.h3 O-O 8.Nf3 Re8
9.Be2 Bf6 10.O-O Bf5 11.Bf4 h6 12.c5 dxc5 13.dxc5 Qxd1 14.Raxd1 N6d7 15.Nd5 Rxe2
16.Nxc7 Rxb2 17.Nxa8 Rxa2 18.Rfe1 Be6 19.Nc7 Bb3 20.Rb1 Bc2 21.Rxb7 Nc6 22.Nd5 Nxc5
23.Re8+ Kh7 24.Nxf6+ gxf6 25.Rxf7+ Kg6 26.Rc7 Nd3 27.g4  1-0

[Event "ISR-chT"]
[Site "Israel"]
[Date "1999.04.09"]
[Round "7"]
[White "Birnboim, Nathan"]
[Black "Psakhis, Lev"]
[Result "1/2-1/2"]
[WhiteElo "2390"]
[BlackElo "2564"]

1.d4 e6 2.c4 b6 3.a3 d5 4.cxd5 exd5 5.Nc3 Nf6 6.g3 Be7 7.Nh3 O-O 8.Nf4 c6
9.Qc2 Na6 10.Bg2 Nc7 11.O-O Ne6 12.Rd1 h6 13.Nxe6 Bxe6 14.Bf4 Qd7 15.Rac1 Rac8
16.b4 b5 17.Qb2 Nh5 18.Bd2 f5 19.e3 Nf6 20.f3 Ne8 21.Ne2 g5 22.Ra1 Nd6 23.Nc1 Nc4
24.Qc2 Bd6 25.Nb3 Rce8 26.Re1  1/2-1/2

[Event "ISR-chT"]
[Site "Israel"]
[Date "1999.04.23"]
[Round "9"]
[White "Sutovskij, Emil"]
[Black "Psakhis, Lev"]
[Result "1-0"]
[WhiteElo "2612"]
[BlackElo "2564"]

1.e4 c5 2.Nc3 d6 3.f4 g6 4.Nf3 Bg7 5.Bc4 Nc6 6.O-O e6 7.d3 Nge7 8.Qe1 h6
9.Bb3 a6 10.Bd2 b5 11.f5 gxf5 12.Nh4 f4 13.Bxf4 Ne5 14.Qg3 Rg8 15.Kh1 Qc7
16.Nf3 Bh8 17.Qh3 Ng4 18.Bxh6 Bxc3 19.bxc3 c4 20.dxc4 bxc4 21.Ba4+ Bd7 22.Bxd7+ Qxd7
23.Bg5 e5 24.Qh7 f6 25.Bc1 Qe6 26.Nh4 O-O-O 27.Nf5 Nxf5 28.Qxf5 Qxf5 29.exf5 Rh8
30.h3 Nh6 31.Rb1 Kc7 32.Rb4 d5 33.Be3 Nf7 34.Bb6+ Kc6 35.Bxd8 Rxd8 36.Rfb1 Nd6
37.Rb6+ Kc5 38.g4 Ne4 39.Rb8 Rd6 40.Rc8+ Rc6 41.Rxc6+ Kxc6 42.Kg2 Nxc3 43.Rb8 Kd7
44.h4 d4 45.h5 d3 46.cxd3 cxd3 47.Rb2 e4 48.h6 e3 49.h7 e2 50.Rxe2  1-0

[Event "ISR-chT"]
[Site "Israel"]
[Date "1999.05.08"]
[Round "11"]
[White "Psakhis, Lev"]
[Black "Maryasin, Boris"]
[Result "1-0"]
[WhiteElo "2564"]
[BlackElo "2394"]

1.c4 Nf6 2.Nc3 g6 3.e4 d6 4.d4 Bg7 5.h3 O-O 6.Bg5 Nbd7 7.Bd3 e5 8.d5 c6 9.Nge2 Nc5
10.Bc2 a5 11.O-O h6 12.Be3 cxd5 13.cxd5 Bd7 14.a3 a4 15.Kh1 b5 16.Qd2 h5
17.Nc1 Nh7 18.Nd3 Rc8 19.Nb4 Qh4 20.f3 f5 21.exf5 Bxf5 22.Nc6 e4 23.Bf2 Qf6
24.Bxc5 dxc5 25.fxe4 b4 26.axb4 cxb4 27.Nxa4 Qd6 28.Qe3 Rce8 29.Qc5 Qg3 30.Rf3 Qh4
31.exf5 Ng5 32.Re3 b3 33.Bd3 gxf5 34.d6 f4 35.Qc4+ Kh8 36.Ne7 Rxe7 37.dxe7  1-0

[Event "Tel Aviv super 1st"]
[Site "Tel Aviv "]
[Date "1999.05.11"]
[Round "1"]
[White "Tseitlin, Mark D"]
[Black "Psakhis, Lev"]
[Result "0-1"]
[WhiteElo "2490"]
[BlackElo "2563"]

1.e4 c5 2.Nf3 d6 3.d4 cxd4 4.Nxd4 Nf6 5.Nc3 a6 6.Bg5 e6 7.f4 Qb6 8.Qd2 Qxb2
9.Nb3 Qa3 10.Bd3 Be7 11.O-O h6 12.Bxf6 Bxf6 13.e5 dxe5 14.Ne4 Nd7 15.f5 exf5
16.Rxf5 Be7 17.Qf2 Nf6 18.Nxf6+ gxf6 19.Rxf6 Bxf6 20.Qxf6 Rg8 21.Bh7 Rf8
22.Qxe5+ Qe7 23.Qa5 Qd6 24.Re1+ Be6 25.Nc5 b6 26.Qa4+ b5 27.Qb4 Rc8 28.Nxa6 Qxa6
29.Bd3 Qa7+ 30.Kh1 Qc5 31.Bxb5+ Ke7 32.Qh4+ Qg5 33.Qb4+ Rc5 34.Bc6 Rc8 35.h4 Qf5  0-1

[Event "Tel Aviv super 1st"]
[Site "Tel Aviv "]
[Date "1999.05.15"]
[Round "5"]
[White "Huzman, Alexander"]
[Black "Psakhis, Lev"]
[Result "1/2-1/2"]
[WhiteElo "2575"]
[BlackElo "2564"]

1.d4 Nf6 2.c4 e6 3.Nf3 b6 4.g3 Ba6 5.b3 Bb4+ 6.Bd2 Be7 7.Bg2 c6 8.O-O d5
9.Ne5 O-O 10.Bc3 Nfd7 11.Nxd7 Nxd7 12.Nd2 Nf6 13.e4 b5 14.Re1 dxe4 15.Qc2 Rc8  1/2-1/2

[Event "Andorra la Vella op"]
[Site "Andorra la Vella"]
[Date "1999.06.28"]
[Round "3"]
[White "Psakhis, Lev"]
[Black "Jerez Perez, Alfonso"]
[Result "1/2-1/2"]
[WhiteElo "2564"]
[BlackElo "2356"]

1.e4 d5 2.exd5 Nf6 3.c4 e6 4.dxe6 Bxe6 5.Be2 Nc6 6.Nf3 Bc5 7.O-O O-O 8.d3 Bf5
9.Nc3 Re8 10.Bg5 h6 11.Bxf6 Qxf6 12.Qd2 Rad8 13.Nd5 Qd6 14.Rad1 Nd4 15.Nxd4 Bxd4
16.Rfe1 c6 17.Ne3 Be6 18.Bf1 h5 19.Rb1  1/2-1/2

[Event "Andorra la Vella op"]
[Site "Andorra la Vella"]
[Date "1999.06.29"]
[Round "4"]
[White "Koskela, Niina"]
[Black "Psakhis, Lev"]
[Result "1/2-1/2"]
[WhiteElo "2213"]
[BlackElo "2564"]

1.e4 c5 2.Nf3 d6 3.d4 cxd4 4.Nxd4 Nf6 5.Nc3 e6 6.Be2 a6 7.a4 b6 8.f4 Bb7
9.Bf3 Nbd7 10.O-O Rc8 11.Qe1 Qc7 12.Kh1 Be7 13.e5 dxe5 14.fxe5 Bxf3 15.exf6 Bxg2+
16.Kxg2 Bxf6 17.Bf4 Qb7+ 18.Nf3 Rxc3 19.bxc3 g5 20.Bg3 g4 21.Kg1 gxf3 22.Qe3 h5
23.Qxf3 Qxf3 24.Rxf3 Rg8 25.Kf1 h4 26.Bc7 Be5 27.Bxe5 Nxe5 28.Rf4 Ke7 29.Rb1 h3
30.Rxb6 Ng4 31.Rb7+ Kd6 32.Rfxf7 Nxh2+ 33.Ke2 Ke5 34.Rg7 Rxg7 35.Rxg7 Kf4
36.c4 Ng4 37.Rxg4+ Kxg4 38.Kf2 e5 39.c5 Kf5 40.Kg3 Ke6 41.Kxh3 Kd5 42.Kg4 Kxc5
43.Kf5 Kd5 44.c4+ Kxc4 45.Kxe5 Kb4 46.Kd4 a5 47.Kd3 Kxa4  1/2-1/2

[Event "Andorra la Vella op"]
[Site "Andorra la Vella"]
[Date "1999.07.02"]
[Round "7"]
[White "Psakhis, Lev"]
[Black "Pelle, Guillaume"]
[Result "1-0"]
[WhiteElo "2564"]
[BlackElo "2217"]

1.d4 Nf6 2.c4 g6 3.Nc3 Bg7 4.e4 d6 5.h3 O-O 6.Bg5 c5 7.d5 e6 8.Nf3 exd5 9.cxd5 Re8
10.Bd3 h6 11.Be3 Na6 12.O-O Nc7 13.a4 Rb8 14.Qd2 Kh7 15.Bf4 Nh5 16.Bh2 a6
17.g4 Nf6 18.e5 dxe5 19.Nxe5 Ne4 20.Nxe4 Bxe5 21.Bxe5 Rxe5 22.Qf4 Qe7 23.d6 Nd5
24.Qg3 Qe6 25.Rae1 Nb4 26.Bc4 Rxe4 27.Bxe6 Rxe1 28.Bxf7 Rxf1+ 29.Kxf1 Bd7
30.Qe5 Bxa4 31.d7 Bb5+ 32.Kg1 Rd8 33.Qf6 Rxd7 34.Qxg6+  1-0

[Event "London MSO Masters"]
[Site "London"]
[Date "1999.08.29"]
[Round "9"]
[White "Psakhis, Lev"]
[Black "Gallagher, Joseph G"]
[Result "1-0"]
[WhiteElo "2581"]
[BlackElo "2521"]

1.e4 c5 2.Nf3 e6 3.d3 Nc6 4.g3 Nge7 5.c3 d5 6.Qe2 b6 7.Bg2 Ba6 8.e5 Qc7 9.O-O h6
10.h4 g5 11.hxg5 Ng6 12.Re1 hxg5 13.Bxg5 Bg7 14.Nbd2 Ncxe5 15.Nxe5 Qxe5 16.Qg4 Qd6
17.Qa4+ b5 18.Qa5 Kf8 19.Be3 Bh6 20.Bxh6+ Rxh6 21.d4 Rc8 22.dxc5 Rxc5 23.Qb4 Kg7
24.Nb3 Rc6 25.Qd4+ Kg8 26.Qxa7 Rb6 27.a4 bxa4 28.Rxa4 Bd3 29.Nd4 Rxb2 30.Nf3 Qb6
31.Ng5 Rb1 32.Qxf7+  1-0

[Event "Eu Team Ch"]
[Site "Batumi GEO"]
[Date "1999.11.30"]
[Round "2"]
[White "Zelcic,R"]
[Black "Psakhis,L"]
[Result "0-1"]
[WhiteElo "2561"]
[BlackElo "2581"]

1.e4 e6 2.d4 d5 3.Nc3 Bb4 4.Ne2 dxe4 5.a3 Bxc3+ 6.Nxc3 Nc6 7.d5 exd5 8.Qxd5 Nge7
9.Qxd8+ Nxd8 10.Nxe4 Bf5 11.Bd3 Ne6 12.Bd2 O-O-O 13.O-O-O Nd4 14.Kb1 Nec6
15.f4 Rhe8 16.Rde1 Re7 17.Re3 Rde8 18.Rhe1 Bg6 19.Nf2 Bxd3 20.Nxd3 Rxe3 21.Rxe3 Rxe3
22.Bxe3 Nf5 23.Bf2 h5 24.Kc1 b6 25.Kd2 Kd7 26.Ke2 Ke6 27.h3 Kd5 28.c3 Ke4
29.g3 h4 30.gxh4 Nce7 31.Bg1 Ng3+ 32.Kd2 Nef5 33.Bf2 Nh5 34.Ne5 f6 35.Nc6 a5
36.c4 Nxf4 37.Kc3 Nxh3 38.Be1 Nf4 39.b4 axb4+ 40.Nxb4 c5 41.Na6 Nd3 42.Bd2 Nxh4
43.Nc7 Ne5 44.a4 Nd7 45.Ne8 Nf5 46.Kb3 Kd3 47.Bc3 Ne5  0-1

[Event "Eu Team Ch"]
[Site "Batumi GEO"]
[Date "1999.12.02"]
[Round "4"]
[White "Zulfugarli,M"]
[Black "Psakhis,L"]
[Result "1/2-1/2"]
[WhiteElo "2388"]
[BlackElo "2581"]

1.e4 e6 2.d4 d5 3.Nc3 Bb4 4.e5 c5 5.a3 Bxc3+ 6.bxc3 Ne7 7.a4 Nbc6 8.Nf3 Qa5
9.Bd2 Bd7 10.Bb5 Qc7 11.O-O b6 12.Qe2 Na5 13.Rfb1 O-O 14.Bd3 h6 15.dxc5 bxc5
16.c4 Nxc4 17.Bxc4 dxc4 18.Qxc4 Rac8 19.Ra3 Ng6 20.Re1 Rfd8 21.Nh4 Be8 22.Bc3 Nxh4
23.Qxh4 Rd5 24.Qc4 Bc6 25.Raa1 Rcd8 26.h3 Qe7 27.Qg4  1/2-1/2

[Event "Eu Team Ch"]
[Site "Batumi GEO"]
[Date "1999.12.07"]
[Round "9"]
[White "Georgiev,Vl"]
[Black "Psakhis,L"]
[Result "0-1"]
[WhiteElo "2519"]
[BlackElo "2581"]

1.d4 e6 2.c4 Nf6 3.Nc3 Bb4 4.e3 O-O 5.Bd3 c5 6.Ne2 Nc6 7.O-O cxd4 8.exd4 d5
9.cxd5 Nxd5 10.Nxd5 exd5 11.Nf4 Bd6 12.Be3 g6 13.Rc1 Ne7 14.Qf3 Be6 15.Rc3 Qd7
16.Nh5 gxh5 17.Qf6 Qd8 18.Bxh7+ Kxh7 19.Qh6+ Kg8 20.Bg5 Nf5 21.Qxh5 Ng7 22.Qh6 Nf5
23.Qh5 Ng7 24.Qh6 f6 25.Bh4 Rf7 26.Re1 Nf5 27.Qh5 Qd7 28.Qg6+ Rg7 29.Qxf6 Bf7
30.Rf3 Nxh4 31.Qxh4 Qg4  0-1

[Event "Israeli League"]
[Site "Ramat Aviv ISR"]
[Date "2000.01.14"]
[Round "1"]
[White "Psakhis,L"]
[Black "Zak,U"]
[Result "1-0"]
[WhiteElo "2599"]
[BlackElo "2341"]

1.e4 d5 2.exd5 Qxd5 3.Nc3 Qa5 4.d4 Nf6 5.Nf3 c6 6.Bc4 Bf5 7.Bd2 e6 8.Nd5 Qd8
9.Nxf6+ Qxf6 10.Qe2 Bg4 11.O-O-O Nd7 12.d5 Bxf3 13.gxf3 cxd5 14.Bxd5 Ba3
15.c3 O-O 16.Be4 Bc5 17.Rhg1 h6 18.Qb5 Rfd8 19.Be3 Bxe3+ 20.fxe3 Nb6 21.Bxb7 Rab8
22.Rxd8+ Qxd8 23.Qe5 g6 24.Rd1 Qf8 25.Qc7 Na4 26.Rd7 Nc5 27.Rxf7 Qxf7 28.Qxb8+ Kh7
29.Bc6 a5 30.b4 axb4 31.cxb4 Na6 32.Qb7  1-0

[Event "Israeli League"]
[Site "Ramat Aviv ISR"]
[Date "2000.01.21"]
[Round "2"]
[White "Psakhis,L"]
[Black "Manor,I"]
[Result "1-0"]
[WhiteElo "2599"]
[BlackElo "2504"]

1.e4 d5 2.exd5 Nf6 3.Nf3 Nxd5 4.d4 g6 5.c4 Nb6 6.h3 Bg7 7.Nc3 O-O 8.Be3 Nc6
9.Be2 e5 10.d5 Ne7 11.g4 Re8 12.Qb3 Nd7 13.c5 b6 14.Ng5 Rf8 15.c6 Nc5 16.Bxc5 bxc5
17.Nge4 Kh8 18.O-O-O f5 19.gxf5 gxf5 20.Nxc5 e4 21.Ne6 Bxe6 22.dxe6 Qe8 23.Rd7 Rb8
24.Qc4 Qg6 25.Kb1 Qh6 26.Rc1 Rfe8 27.Qc5 Ng6 28.e7 Ne5 29.Ba6 Nxd7 30.cxd7 Qxa6
31.dxe8=Q+ Rxe8 32.Qxf5 Qd3+  1-0

[Event "Israeli League"]
[Site "Ramat Aviv ISR"]
[Date "2000.01.28"]
[Round "3"]
[White "Oratovsky,M"]
[Black "Psakhis,L"]
[Result "1/2-1/2"]
[WhiteElo "2491"]
[BlackElo "2599"]

1.c4 c5 2.Nc3 g6 3.g3 Bg7 4.Bg2 Nc6 5.Nf3 e6 6.e3 Nge7 7.d4 cxd4 8.Nxd4 Nxd4
9.exd4 d5 10.cxd5 Nxd5 11.Nxd5 exd5 12.O-O O-O 13.Qb3 Qb6  1/2-1/2

[Event "Wydra mem rapidplay"]
[Site "Haifa ISR"]
[Date "2000.02.05"]
[Round "13"]
[White "Avrukh,B"]
[Black "Psakhis,L"]
[Result "1/2-1/2"]
[WhiteElo "2620"]
[BlackElo "2599"]

1.d4 e6 2.c4 Nf6 3.Nf3 b6 4.g3 Bb7 5.Bg2 Be7 6.Nc3 Ne4 7.Bd2 Bf6 8.Qc2 Nxd2
9.Qxd2 O-O 10.e4 d6 11.d5 Nd7 12.Nd4 e5 13.Nc2 Bg5 14.Qe2 Bh6 15.h4 g6 16.Ne3 Nf6
17.O-O-O Kg7 18.Kb1 Bc8 19.Nc2 Bg4 20.f3 Bd7 21.Qf2 a5 22.g4 Bf4 23.Ne2 g5
24.hxg5 Bxg5 25.Ng3 Rh8 26.Ne3 Qg8 27.Nef5+ Kf8 28.Ne2 h5 29.Bh3 Bxf5 30.gxf5 Qg7
31.Nc3 Qh6 32.Qc2 Be3 33.Qa4 Qf4 34.Qc6 Rc8 35.Nb5 Kg7 36.Rdf1 Kh6 37.Na7 Bd4
38.Nxc8 Qd2 39.Qb5 Rxc8 40.Qb3 Rg8 41.Rd1 Qf4 42.Qd3 Rg3 43.Rdf1 Kg7 44.Qe2 Kf8
45.Bg2 Qg5 46.Rh2 h4 47.f4 exf4 48.Bf3 h3 49.Rfh1 Rg1+ 50.Kc2 Rxh1 51.Rxh1 Qg3
52.Qf1 h2 53.Qe2 Bg1 54.e5 dxe5 55.Qxe5 Qxf3 56.Qxf6 Qe4+ 57.Kd1 Qf3+ 58.Kc2 Qg2+
59.Kb3 Qxh1 60.Qd8+ Kg7  1/2-1/2

[Event "Israeli League"]
[Site "Ramat Aviv ISR"]
[Date "2000.03.03"]
[Round "4"]
[White "Labok,B"]
[Black "Psakhis,L"]
[Result "0-1"]
[WhiteElo "2380"]
[BlackElo "2599"]

1.c4 e5 2.Nc3 Bb4 3.g3 Bxc3 4.bxc3 d6 5.Bg2 Ne7 6.Rb1 Nbc6 7.Nf3 O-O 8.O-O b6
9.d3 f6 10.Ne1 Be6 11.Nc2 Qd7 12.Re1 Bh3 13.Bh1 Rae8 14.Ne3 Nd8 15.Nd5 Ng6
16.e4 f5 17.exf5 Qxf5 18.Rb2 Ne6 19.Ne3 Qg5 20.Bc6 Rb8 21.Kh1 Kh8 22.Nd5 Qd8
23.Ne3 Ne7 24.Qh5 Nxc6 25.Qxh3 Nc5 26.Rd1 Qe8 27.Qg2 e4 28.d4 Nd3 29.Re2 Rf3
30.Nd5 Qh5 31.Rf1 Rbf8 32.Be3 Na5 33.Nxc7 Nxc4 34.Ne6 Re8 35.Ng5 Nxe3  0-1

[Event "Oz.com qualifier blitz"]
[Site "Internet ICC"]
[Date "2000.03.05"]
[Round "1"]
[White "Psakhis,L"]
[Black "Pinheiro,J"]
[Result "1-0"]
[WhiteElo "2599"]
[BlackElo "2272"]

1.c4 c5 2.Nf3 Nc6 3.g3 g6 4.d4 cxd4 5.Nxd4 Bg7 6.Nc2 d6 7.Bg2 Nf6 8.O-O O-O
9.Nc3 Qa5 10.Qd2 Bd7 11.b3 Rfc8 12.Bb2 a6 13.Rfd1 b5 14.Ne3 Rab8 15.Rac1 bxc4
16.Nxc4 Qh5 17.Ne3 Ne5 18.Ncd5 Nxd5 19.Nxd5 Bf8 20.Rxc8 Rxc8 21.Nb6 Rc7 22.Nxd7 Nxd7
23.Bf3 Qb5 24.Bd5 Bg7 25.Bxg7 Kxg7 26.Qd4+ Kg8 27.Bc4 Qc5 28.Bxa6 Ra7 29.Qxc5 Nxc5
30.Bc4 Rxa2 31.b4 Rc2 32.bxc5 Rxc4 33.cxd6 exd6 34.Rxd6 h5 35.h3 Kg7 36.Kg2 Ra4
37.Kf3 Kf8 38.e3 Ke7 39.Rb6 Ra2 40.e4 Ra4 41.h4 Ra2 42.Ke3 Ra3+ 43.Kf4 Kf8
44.f3 Kg7 45.Rb7 Ra5 46.Rd7 Rb5 47.e5 Rb4+ 48.Ke3 Ra4 49.e6 Kf6 50.exf7 Kg7
51.Kd3 Rb4 52.Ke3 Ra4 53.Rc7 Rb4 54.Rd7 Ra4 55.Rd4 Ra7 56.Rf4 Re7+ 57.Kd4 Kf8
58.g4 Re1 59.g5 Re7 60.Rf6 Ra7 61.Rxg6 Ra4+ 62.Ke5 Ra5+ 63.Kf4 Ra4+ 64.Kg3  1-0

[Event "Oz.com qualifier blitz"]
[Site "Internet ICC"]
[Date "2000.03.05"]
[Round "4"]
[White "Monokroussos,D"]
[Black "Psakhis,L"]
[Result "0-1"]
[WhiteElo "2257"]
[BlackElo "2599"]

1.e4 c5 2.Nf3 e6 3.Nc3 a6 4.g3 Nc6 5.Bg2 Nf6 6.O-O d6 7.d4 cxd4 8.Nxd4 Bd7
9.Re1 Be7 10.b3 O-O 11.Bb2 Rc8 12.Qd2 Nxd4 13.Qxd4 Qa5 14.Rad1 Bc6 15.Nd5 Bxd5
16.exd5 e5 17.Qd3 Qxa2 18.Rb1 Qa5 19.f4 Qb6+ 20.Bd4 exd4 21.Rxe7 Rc3 22.Qd2 d3+
23.Kh1 dxc2 24.Rc1 Qc5 25.Rxb7 Ng4 26.b4 Qc4 27.Bf1 Qe4+ 28.Bg2 Qd3 29.Qe1 Qd4
30.h3 Ne3 31.Kh2 Rd3 32.Rc7 Rd2  0-1

[Event "Oz.com qualifier blitz"]
[Site "Internet ICC"]
[Date "2000.03.05"]
[Round "5"]
[White "Psakhis,L"]
[Black "Blauert,J"]
[Result "1/2-1/2"]
[WhiteElo "2599"]
[BlackElo "2395"]

1.e4 e6 2.d3 d5 3.Qe2 Nc6 4.Nf3 e5 5.exd5 Qxd5 6.Nc3 Bb4 7.Bd2 Bxc3 8.Bxc3 Bg4
9.Qe4 Bxf3 10.Qxf3 Qxf3 11.gxf3 Nge7 12.O-O-O O-O-O 13.f4 Nd5 14.Bxe5 f6
15.Bc3 Nxf4 16.Rg1 Rhg8 17.Re1 Nd4 18.Re4 Nde6 19.Rg4 f5 20.Rgxf4 fxe4 21.Bh3 Rde8
22.Rxe4 Kd7 23.Rd4+ Ke7 24.Rh4 Kf7 25.Rxh7 Ng5 26.Rh4 Nxh3 27.Rxh3 Rh8 28.Rf3+ Ke7
29.Be5 c6 30.Rg3 Rh7 31.Bxg7 Rxh2 32.Bd4 Kd7 33.Rg7+ Re7 34.Rxe7+ Kxe7 35.Bxa7 Ke6
36.b3 Rh4 37.Kb2 b5 38.a3 Kd5 39.Be3 c5 40.c4+ Kc6 41.Kc3 Rh1 42.b4 cxb4+
43.axb4 Ra1 44.Kd4 Rb1 45.Bd2 Rb2 46.Kc3 Rb1 47.f4 Rf1 48.Kd4 Rd1 49.Bc3 Rf1
50.cxb5+ Kxb5 51.Ke4 Rc1 52.Bd2 Rc2 53.Ke3 Kc6 54.Be1 Kd5 55.Bh4 Rc1 56.Kd2 Rf1
57.Bg5 Rb1 58.Kc3 Rc1+ 59.Kb2 Rf1 60.Kc3 Rc1+ 61.Kb3 Rb1+ 62.Ka4 Rd1 63.Kb5 Rxd3
64.f5 Rf3 65.f6 Rf5 66.Bh4 Rf4 67.Bg5 Rf5 68.Bh4  1/2-1/2

[Event "Israeli League"]
[Site "Ramat Aviv ISR"]
[Date "2000.03.17"]
[Round "6"]
[White "Beider,A"]
[Black "Psakhis,L"]
[Result "0-1"]
[WhiteElo "2318"]
[BlackElo "2599"]

1.e4 e6 2.d4 d5 3.Nd2 c5 4.exd5 Qxd5 5.dxc5 Bxc5 6.Ngf3 Nf6 7.Bc4 Qh5 8.Qe2 O-O
9.h3 Bd6 10.Ne4 Nxe4 11.Qxe4 Nd7 12.Bg5 Ne5 13.Nxe5 Qxg5 14.Nf3 Qf4 15.Qe2 b6
16.Nd2 Bb7 17.Rg1 Bc5 18.Bd3 Rfd8 19.Nc4 Bd4 20.Rd1 b5 21.Na5 Rd5 22.Qd2 Re5+
23.Kf1 Be3 24.g3 Qf6 25.Qe2 Bf3  0-1

[Event "Israeli League"]
[Site "Ramat Aviv ISR"]
[Date "2000.03.24"]
[Round "7"]
[White "Psakhis,L"]
[Black "Peker,O"]
[Result "1/2-1/2"]
[WhiteElo "2599"]
[BlackElo "2385"]

1.c4 g6 2.e4 Bg7 3.d4 d6 4.Nc3 Nf6 5.h3 O-O 6.Bg5 Na6 7.Bd3 e5 8.d5 c6 9.Nge2 Nc5
10.Bc2 cxd5 11.cxd5 a5 12.a3 a4 13.O-O Bd7 14.Kh1 h6 15.Be3 Qe7 16.Nc1 Rfc8
17.N1a2 Qe8 18.Qd2 Kh7 19.Rae1 Qe7 20.Qd1 Qe8 21.g4 Bb5 22.Rg1 Bc4 23.Nb4 b5
24.f3 Nfd7 25.Qd2 Na6 26.Nc6 Nac5 27.Kg2 Nb8 28.Nb4 Nba6 29.Nc6 Nb8 30.Nb4  1/2-1/2

[Event "Israeli League"]
[Site "Ramat Aviv ISR"]
[Date "2000.03.31"]
[Round "8"]
[White "Psakhis,L"]
[Black "Har Zvi,R"]
[Result "1/2-1/2"]
[WhiteElo "2599"]
[BlackElo "2507"]

1.c4 c5 2.Nf3 Nc6 3.d4 cxd4 4.Nxd4 Nf6 5.Nc3 e6 6.Bg5 Bb4 7.Rc1 h6 8.Bh4 O-O
9.e3 Bxc3+ 10.bxc3 Ne5 11.Be2 Ng6 12.Bxf6 Qxf6 13.O-O d6 14.Qa4 Rd8 15.Rfd1 Bd7
16.Qa3 Be8 17.Nb3 Qe7 18.Rd2  1/2-1/2

[Event "zt 1.2"]
[Site "Pula CRO"]
[Date "2000.04.21"]
[Round "10"]
[White "Sutovsky,E"]
[Black "Psakhis,L"]
[Result "1/2-1/2"]
[WhiteElo "2597"]
[BlackElo "2599"]

1.e4 e6 2.d4 d5 3.Nc3 Nf6 4.Bg5 dxe4 5.Nxe4 Be7 6.Bxf6 Bxf6 7.Nf3 O-O 8.Bc4 Nc6
9.c3 e5 10.d5 Nb8 11.Qe2 Bf5 12.O-O Bxe4 13.Qxe4 Qd6 14.Rad1 Nd7 15.Bb5 Nb6
16.Rfe1 a6 17.Bd3 g6 18.Nxe5 Rae8 19.f4 Nd7 20.Qb4 Qxb4 21.cxb4 Nxe5 22.fxe5 Bxe5
23.Re2 Bd4+ 24.Kf1 Rxe2 25.Bxe2 Bxb2 26.d6 c6 27.a4 Rd8 28.b5 cxb5 29.axb5 a5
30.Rd2 Be5 31.d7 a4 32.Ra2 Rxd7 33.Rxa4 Bxh2 34.Ra7 Bg3 35.Ra3 Bc7 36.Bf3 b6
37.Ke2 h5 38.Rd3 Rxd3 39.Kxd3 f5 40.Bc6 Kg7 41.Be8 h4 42.Ke2 Kf6 43.Bd7 Ke5
44.Be8 g5 45.Bd7 Bd6 46.Bc8 Bc5 47.Bd7 Kf4 48.Kf1 g4 49.Bc8 h3 50.gxh3 gxh3
51.Bd7 Kf3 52.Be6 h2 53.Bd5+ Ke3 54.Kg2 Bd6 55.Be6 Ke4 56.Bd7 Be5 57.Bc8 Bf4
58.Bb7+ Ke5 59.Bc6 Kf6 60.Bb7 Kg5 61.Kh3  1/2-1/2

[Event "Israeli League"]
[Site "Ramat Aviv ISR"]
[Date "2000.05.05"]
[Round "10"]
[White "Mikhalevski,V"]
[Black "Psakhis,L"]
[Result "0-1"]
[WhiteElo "2499"]
[BlackElo "2599"]

1.Nf3 Nf6 2.g3 b6 3.Bg2 Bb7 4.O-O c5 5.d3 g6 6.e4 d6 7.Nc3 Bg7 8.e5 dxe5
9.Nxe5 Qc8 10.a4 Bxg2 11.Kxg2 Nc6 12.Nxc6 Qxc6+ 13.Qf3 Qxf3+ 14.Kxf3 Kd7
15.Re1 e6 16.Bf4 Kc6 17.Be5 Ne8 18.g4 h5 19.h3 hxg4+ 20.hxg4 Bxe5 21.Rxe5 Nd6
22.Ne4 Rh3+ 23.Ke2 Rah8 24.Nxd6 Kxd6 25.Re3 Rxe3+ 26.Kxe3 Rh3+ 27.Ke2 g5
28.Re1 Kd5 29.Kd2 Rf3 30.c4+ Kd6 31.Ke2 Rh3 32.a5 e5 33.axb6 axb6 34.Kd2 f6
35.Rd1 Ke6 36.Ra1 e4 37.dxe4 Ke5 38.Re1 Rf3 39.Ra1  0-1

[Event "Israeli League"]
[Site "Ramat Aviv ISR"]
[Date "2000.05.12"]
[Round "11"]
[White "Bykhovsky,Av"]
[Black "Psakhis,L"]
[Result "1/2-1/2"]
[WhiteElo "2467"]
[BlackElo "2599"]

1.d4 e6 2.c4 Nf6 3.Nf3 b6 4.g3 Ba6 5.b3 Bb4+ 6.Bd2 Be7 7.Bg2 d5 8.Ne5 O-O
9.O-O Bb7 10.Bc3 Na6 11.Bb2 c5 12.cxd5 Nxd5 13.Nc3 Nxc3 14.Bxc3 Bxg2 15.Kxg2 Qd5+
16.Nf3 Bf6 17.Qd3 Qb7 18.dxc5 Nxc5 19.Qe3 Bxc3 20.Qxc3 Rac8 21.Rac1 Rfd8
22.Rfd1 Rxd1 23.Rxd1 Ne4 24.Qe5 h6 25.Rd4 Nf6 26.Qe3 b5  1/2-1/2

[Event "XVIII Open"]
[Site "Andorra AND"]
[Date "2000.06.24"]
[Round "1"]
[White "Psakhis,L"]
[Black "Argandona Rivero,I"]
[Result "1-0"]
[WhiteElo "2599"]
[BlackElo "2208"]

1.c4 g6 2.e4 Bg7 3.d4 Nc6 4.Ne2 e5 5.Be3 exd4 6.Nxd4 Qf6 7.Nxc6 bxc6 8.Nc3 Rb8
9.Rb1 Ne7 10.Bd3 a6 11.O-O O-O 12.Qd2 Re8 13.Bg5 Qd4 14.Ne2 Qe5 15.Bf4 Rxb2
16.Rxb2 Qxb2 17.Qxb2 Bxb2 18.Rb1 Bg7 19.c5 d5 20.Rb8 Rf8 21.e5 a5 22.a4 Bf5
23.Rxf8+ Bxf8 24.Nc1 Be6 25.Nb3 Bf5 26.Bxf5 Nxf5 27.Bd2 Ng7 28.Bxa5 Ne6 29.Bb4 d4
30.a5 d3 31.Kf1 d2 32.Ke2 Nf4+ 33.Kxd2 Nd5 34.a6 Bh6+ 35.Ke2  1-0

[Event "XVIII Open"]
[Site "Andorra AND"]
[Date "2000.06.25"]
[Round "2"]
[White "Westerinen,H"]
[Black "Psakhis,L"]
[Result "0-1"]
[WhiteElo "2392"]
[BlackElo "2599"]

1.e4 e6 2.d4 d5 3.exd5 exd5 4.Bf4 Nf6 5.Nf3 Bd6 6.Bxd6 Qxd6 7.c3 O-O 8.Be2 Re8
9.O-O Qb6 10.Qc2 Bg4 11.Na3 Nbd7 12.Rfe1 Re4 13.h3 Bh5 14.Ng5 Rxe2 15.Rxe2 Bxe2
16.Qxe2 Re8 17.Qb5 Qxb5 18.Nxb5 a6 19.Na3 h6 20.Nf3 Re2 21.c4 Rxb2 22.cxd5 b5
23.Ne1 Nxd5 24.Nac2 b4 25.Ne3 Nc3 26.Nd3 Rxa2 27.Re1 b3 28.Nc4 Nb6 29.Re8+ Kh7
30.Ncb2 a5 31.Re7 a4  0-1

[Event "XVIII Open"]
[Site "Andorra AND"]
[Date "2000.06.26"]
[Round "3"]
[White "Psakhis,L"]
[Black "Pogorelov,R"]
[Result "1-0"]
[WhiteElo "2599"]
[BlackElo "2455"]

1.d4 e6 2.Nf3 Nf6 3.c4 b6 4.g3 Ba6 5.Qb3 Nc6 6.Bd2 Bb7 7.Bc3 Na5 8.Bxa5 Bxf3
9.Qxf3 bxa5 10.Nc3 Rb8 11.Rb1 Be7 12.Bg2 O-O 13.O-O c6 14.e4 d5 15.e5 Nd7
16.c5 f6 17.Qg4 f5 18.Qd1 Rf7 19.a3 g5 20.b4 axb4 21.axb4 Nf8 22.Qa4 Qd7
23.b5 cxb5 24.Rxb5 Rxb5 25.Qxb5 Qc8 26.Ra1 Bd8 27.Nxd5 Rd7 28.c6 Rg7 29.Nf6+ Kh8
30.Ne8 Re7 31.Nd6 Qc7 32.Qb7 a5 33.Qa8 Qb6 34.Nb7 Re8 35.Nxd8 Rxd8 36.Qxa5 Qxd4
37.c7 Rc8 38.Rc1 Qb2 39.Qc3 Qb6 40.Qc5 Qb2 41.Rd1  1-0

[Event "XVIII Open"]
[Site "Andorra AND"]
[Date "2000.07.01"]
[Round "8"]
[White "Georgiev,Vl"]
[Black "Psakhis,L"]
[Result "1/2-1/2"]
[WhiteElo "2538"]
[BlackElo "2599"]

1.e4 e6 2.d4 d5 3.exd5 exd5 4.Bd3 Nc6 5.c3 Bd6 6.Qf3 Be6 7.Ne2 Qd7 8.h3 Nge7
9.Bf4 Bf5 10.Bxd6 Bxd3 11.Qxd3 Qxd6 12.Nd2  1/2-1/2

[Event "HZ Open"]
[Site "Vlissingen NED"]
[Date "2000.07.30"]
[Round "2"]
[White "Psakhis,L"]
[Black "Tiggelman,R"]
[Result "1-0"]
[WhiteElo "2611"]
[BlackElo "2165"]

1.c4 e5 2.g3 Nc6 3.Bg2 g6 4.Nc3 Bg7 5.e4 d6 6.Nge2 Nge7 7.d3 O-O 8.O-O Bg4
9.h3 Bxe2 10.Nxe2 f5 11.exf5 Nxf5 12.Nc3 Rb8 13.Rb1 a6 14.b4 Ncd4 15.a4 c6
16.a5 Qc7 17.Ne4 Rbe8 18.h4 Kh8 19.Bb2 Ne6 20.Ng5 Nfd4 21.Qg4 Qe7 22.Nxe6 Qxe6
23.Qxe6 Nxe6 24.b5 cxb5 25.cxb5 Nc5 26.Ba3 Nxd3 27.Bxb7 axb5 28.Rxb5 e4 29.Rd5 Rf5
30.a6 Rxd5 31.Bxd5 Bd4 32.Kg2 Re5 33.Bc4 Ra5 34.Bxd6 Ra4 35.Bb5 Ra5 36.Rb1 Nxf2
37.Bc4 Ra4 38.Rb8+ Kg7 39.Rb7+ Kh8 40.a7 Rxa7 41.Rxa7  1-0